Textbook of cytology (Record no. 26176)
[ view plain ]
| 000 -LEADER | |
|---|---|
| fixed length control field | 00322nam a2200133Ia 4500 |
| 082 ## - DEWEY DECIMAL CLASSIFICATION NUMBER | |
| Classification number | 576.3 |
| Item number | BRO |
| 100 ## - MAIN ENTRY--AUTHOR NAME | |
| Personal name | Bertke, Eldridge M |
| 245 #0 - TITLE STATEMENT | |
| Title | Textbook of cytology |
| 250 ## - EDITION STATEMENT | |
| Edition statement | 2 |
| 260 ## - PUBLICATION, DISTRIBUTION, ETC. (IMPRINT) | |
| Place of publication | Saint Louis |
| Name of publisher | C V Mosby |
| Year of publication | 1974 |
| 700 ## - ADDED ENTRY--PERSONAL NAME | |
| Personal name | Brown, Walter V |
| 942 ## - ADDED ENTRY ELEMENTS (KOHA) | |
| Koha item type | Books |
| Withdrawn status | Lost status | Damaged status | Not for loan | Home library | Current library | Date acquired | Full call number | Accession Number | Koha item type |
|---|---|---|---|---|---|---|---|---|---|
| RRII Library | RRII Library | 16/12/2021 | 576.3 BRO | 06814 | Books |